Pedagogy of Geograhy: (Record no. 210497)
[ view plain ]
| 000 -LEADER | |
|---|---|
| fixed length control field | 00676nam a22001937a 4500 |
| 005 - DATE AND TIME OF LATEST TRANSACTION | |
| control field | 20250325161033.0 |
| 010 ## - LCCN (DPL NO) | |
| LC control number | ENG-144209 |
| 020 ## - INTERNATIONAL STANDARD BOOK NUMBER | |
| International Standard Book Number | 9789391978549 |
| 035 ## - SYSTEM CONTROL NUMBER | |
| System control number | EN-127741 |
| 037 ## - SOURCE OF ACQUISITION | |
| Source of stock number/acquisition | Shipra Publication |
| 082 ## - DEWEY DECIMAL CLASSIFICATION NUMBER | |
| Classification number | 910 |
| 100 ## - MAIN ENTRY--PERSONAL NAME | |
| Personal name | boral, Mousumi |
| 245 ## - TITLE STATEMENT | |
| Title | Pedagogy of Geograhy: |
| Remainder of title | practicals and Practicum/ |
| Statement of responsibility, etc | Mousumi Boral |
| 260 ## - PUBLICATION, DISTRIBUTION, ETC. (IMPRINT) | |
| Place of publication, distribution, etc | New Delhi |
| Name of publisher, distributor, etc | Shipra Publication |
| Date of publication, distribution, etc | 2024 |
| 270 ## - ADDRESS | |
| Address | LG 18-19, pankaj Central Market, I.P. Ext., Patparganj |
| City | Delhi |
| Postal code | 110092 |
| Telephone number | +91 11 47322068;9650028065, 9810522367 |
| Electronic mail address | info@shiprapublication.com |
| 300 ## - PHYSICAL DESCRIPTION | |
| Extent | 178p. |
| Dimensions | 23.5cm.(pb) |
| 942 ## - ADDED ENTRY ELEMENTS (KOHA) | |
| Source of classification or shelving scheme | Dewey Decimal Classification |
| Item type | English Books |
| Classification part | 910 |
| Call number suffix | BOR |
| Edition | 1 |
| Withdrawn status | Lost status | Not for loan | Collection code | Home library | Current library | Date acquired | Source of acquisition | Cost, normal purchase price | Full call number | Barcode | Copy number | Cost, replacement price | Koha item type |
|---|---|---|---|---|---|---|---|---|---|---|---|---|---|
| Non-fiction | Patel Nagar | Patel Nagar | 25/03/2025 | DBAD | 350.00 | 910 BOR | EN-127741 | 1 | 350.00 | English Books |
